Exercise in the 22nd edition of the Dewey Decimal Classification / (Record no. 63419)

MARC details
000 -LEADER
fixed length control field 00453nam a22001457a 4500
005 - DATE AND TIME OF LATEST TRANSACTION
control field 20180821142854.0
020 ## - INTERNATIONAL STANDARD BOOK NUMBER
International Standard Book Number 8170004195
Terms of availability 400.00
035 ## - SYSTEM CONTROL NUMBER
System control number B-219976 ,B-219978
037 ## - SOURCE OF ACQUISITION
Stock number DPL
Source of stock number/acquisition ENG
100 ## - MAIN ENTRY--PERSONAL NAME
Personal name Satija, M P
245 ## - TITLE STATEMENT
Title Exercise in the 22nd edition of the Dewey Decimal Classification /
Statement of responsibility, etc by M P Satija
260 ## - PUBLICATION, DISTRIBUTION, ETC. (IMPRINT)
Place of publication, distribution, etc New Delhi
Name of publisher, distributor, etc Ess Ess Publications
Date of publication, distribution, etc 2004
300 ## - PHYSICAL DESCRIPTION
Extent ix, 175p.
Dimensions 18 cms.
942 ## - ADDED ENTRY ELEMENTS (KOHA)
Source of classification or shelving scheme Dewey Decimal Classification
Item type English Books
Classification part 025.432
Call number suffix SAT
Holdings
Withdrawn status Lost status Not for loan Collection code Home library Current library Date acquired Cost, normal purchase price Full call number Barcode Cost, replacement price Koha item type Source of acquisition
      Non-fiction Sarojini Nagar Sarojini Nagar 24/02/2012 400.00 025.432 SAT B-219976 400.00 English Books  
      Non-fiction Shahdara Branch Shahdara Branch 21/08/2018 400.00 025.432 SAT B-219978 400.00 English Books BPPD/PUB

© Delhi Public Library
Hit Counter
free hit counter